000 00401nam a2200181Ia 4500
005 20240823054803.0
008 240823s9999||||xx |||||||||||||| ||und||
041 _aENGLISH
082 _A294.4 N3
100 _aHerbert Warren
245 0 _aJainsm
250 _a1st
260 _c1993
_b"Crest,New Delhi"
500 _aTransfered
650 _aGeneral
_bGeneral
942 _cBK
999 _c227277
_d227277